01410nam a2200289 i 4500001001000000003001000010005001700020008004100037020002200078040004600100041000800146082001900154110002100173245010300194264004300297264001100340300006200351336002700413337003300440338002800473500006600501505046700567563001401034650002601048650001601074653003001090768714001CO-MdFUSB20260504094711.0240910t2016 ck ad||| |||| 001 0 spa d a[No incluye ISBN] bspaaCO-MdFUSBcCO-MdFUSBdCO-MdFUSBerda aspa 223a254bSA254 aSatura Colombia 00aManual para la plantación y multiplicación de iglesias de pequeños gruposc/ Satura Colombia 1aColombia : bSatura Colombia, c[2016] 4c©2016 a239 páginasb: ilustraciones en blanco y negroc; 21 cm 2rdacontentatextobtxt 2rdamediaasin mediaciónbn 2rdacarrieravolumenbnc aIncluye índice general, ilustraciones, cuadros sinópticos aDescripción del Proceso. -- Repaso. -- Arrepentirse y Creer. -- Juan el Bautista. -- El Regalo del Espíritu Santo. -- Bautizando a los Nuevos Creyentes. -- Amar a Dios y a los Demás. -- Amar a los Nuevos Cristianos. -- Mi Prójimo. -- Participar en la Cena del Señor. -- La Cena del Señor. -- Orar. -- Cómo Orar. -- Diezmo y Ofrenda. -- El dador Alegre. -- Hacer Discípulos. -- Evangelización Eficaz. -- Organicémonos Como el Cuerpo de Cristo. aRústica 7aIglesias protestantes 0aDiscipulado aPlantación de iglesias